000 00399cam a2200169ua 4500
020 _c1.00
041 _aeng
_h
082 _a336.3
_bGAN/FI
100 _aGanapathi, V .
245 _aFiscal policy and budgeting /
_cV.Ganapathi.
_hTextual Documents
260 _a :
_bViswanathan ,
_c1959.
300 _a20 ;
_e`.
365 _a1.00
504 _a
942 _cBK
999 _c11900
_d11900